000
00194 a2200097 4500
020
_a
9780440461913
041
_a
eng
100
_a
Weinman Sharmat, Marjorie
245
_a
Missing Key
942
_c
BK
999
_c
13748
_d
13748